01310nam a2200277 a 45000010008000000030009000080050017000170070008000340080032000420200016000740400022000901000025001122450171001372600056003083000038003645000035004025040026004375050275004636500046007386500051007846500040008356500045008756500047009207000037009677000028010040000381DO-SdBNP20180306121350.00000381150817s201u abc spa d a9945400371  aBPMSUbspacBPMSU1 aHernández, Ricardo10aHistoria y geografía de América : b[tercer grado de educación media] /cRicardo Hernández, Alejandro Hernández Grullón ; ilustración Ramón Sandoval. aSanto Domingo : bActualidad escolar 2000,c[20--]. a208 p :bil. mapa, retrs.c28 cm. aIncluye guía metodológica. aBibliografía p: 2081 tLos efectos de la colonización en la isla de Santo Domingo -- tBuscando la independencia -- tLa sociedad dominicana en la primera mitad del siglo XX --tEl territorio dominicano: geología y morfología -- tHidrografía, clima y áreas protegidas dominicanas -- 4aCIENCIAS SOCIALESxENSEÑANZA SECUNDARIA aEDUCACIÓN SECUNDARIAzREPÚBLICA DOMINICANA aCIENCIAS SOCIALESxLIBROS DE TEXTO4 aCIENCIAS SOCIALESxESTUDIOS Y EJERCICIOS 4aCIENCIAS SOCIALESxEDUCACIÓN SECUNDARIA 12aHernández Grullón, Alejandro1 aSandoval, Ramón eil.